| 000 | 00557nam a2200181 i 4500 | ||
|---|---|---|---|
| 001 | 80530 | ||
| 003 | ES-MaACL | ||
| 005 | 20250928134702.0 | ||
| 007 | t| | ||
| 008 | 041028s1951 cu ||||1| spa d | ||
| 245 | 0 | 0 | _aHomenaje al Coronel Dr. Cosme de la Torriente y Peraza. |
| 260 |
_aLa Habana : _bAcademia de la Historia de Cuba, _c1951. |
||
| 300 |
_a49 p. ; _c25 cm. |
||
| 600 | 1 | 4 |
_aTorriente, Cosme de la, _dn. 1872 _9111040 |
| 710 | 2 |
_aAcademia de la Historia de Cuba. _91183 |
|
| 852 |
_aES-MaACL _j1951-F-24 _bR.33102 |
||
| 999 |
_c80530 _d80530 |
||